| 000 | 00533cam a2200193 4500 | ||
|---|---|---|---|
| 020 | _a0070082057 | ||
| 040 | _cDLC | ||
| 082 | 0 | 0 | _a634 MCG 1973 A040 Or. |
| 100 | 1 | _aBrown, Arthur Allen, | |
| 245 | 1 | 0 | _aForest fire: control and use |
| 250 | _a2d ed. | ||
| 260 |
_aNew York, _bMcGraw-Hill _c[1973] |
||
| 300 |
_axii, 686 p. _billus. _c24 cm. |
||
| 490 | 0 | _aMcGraw-Hill series in forest resources | |
| 500 | _aA revision of the 1959 ed. by K. P. Davis. | ||
| 650 | 0 | _aForest fires. | |
| 700 | 1 | _aDavis, Kenneth P. | |
| 942 | _cEK | ||
| 999 |
_c12201 _d12201 |
||